Most commonly used words in ASOIAF - Statistics

General Stats
  • This quiz has been taken 132 times
  • The average score is 25 of 50
Answer Stats
Hint Answer % Correct
39 325 A
96%
18 959 I
94%
101 770 The
92%
27 750 He
80%
19 279 You
77%
4 423 We
75%
14 795 She
73%
51 561 And
71%
8 944 They
69%
18 916 Her
63%
16 314 It
62%
9 136 Is
61%
7 622 No
59%
5 772 So
58%
6 284 When
58%
8 049 Be
56%
17 787 In
56%
6 963 Me
55%
8 844 On
54%
4 895 Are
52%
8 576 My
51%
35 244 Of
51%
39 512 To
51%
25 840 His
49%
6 613 Your
47%
10 815 For
44%
12 451 Him
44%
6 207 Will
44%
5 215 Their
42%
11 746 Not
41%
15 814 That
41%
11 277 But
40%
8 539 Have
40%
7 819 Them
40%
21 980 Was
40%
15 030 As
38%
8 667 At
38%
6 015 If
37%
8 718 Said
33%
13 167 With
33%
4 438 This
31%
7 197 Were
31%
7 284 From
30%
9 861 Lord
30%
16 903 Had
29%
6 348 All
27%
6 312 One
25%
7 022 Would
25%
5 069 Could
23%
5 202 Ser
20%
No matching quizzes found
Score Distribution
Percent of People with Each Score
Percentile by Number Answered
Your Score History
You have not taken this quiz